000 00401 a2200157 4500
001 169162
020 _a
040 _cMagnum
100 _aHaddad, Eneida G. de Macedo
240 1 0 _aO direito a velhice: os aposentados e a previdencia social
_lpor
245 1 0 _aO direito a velhice: os aposentados e a previdencia social
362 0 _a1899
440 1 _aCortez
697 _aGERAL
942 _cBK
999 _c169162
_d169162